LEADER 01317nam--2200397---450- 001 990001617510203316 005 20100112100323.0 010 $a88-14-11744-6 035 $a000161751 035 $aUSA01000161751 035 $a(ALEPH)000161751USA01 035 $a000161751 100 $a20040429d2005----km-y0enga50------ba 101 0 $aita 102 $aIT 105 $ay|||z|||001yy 200 1 $a<> processo del lavoro$eil giudizio di primo grado, le impugnazioni, l'esecuzione, i procedimenti speciali$fPiero Leanza 210 $aMilano$cGiuffrè$d2005 215 $aXX, 1014 p.$d24 cm 225 2 $a<> diritto privato oggi 410 0$12001$a<> diritto privato oggi 606 0 $aControversie di lavoro$xGiurisprudenza 676 $a344.450102643 700 1$aLEANZA,$bPiero$0256896 801 0$aIT$bsalbc$gISBD 912 $a990001617510203316 951 $aXXV.1. Coll. 1/ 138 (COLL PBG 162)$b46690 G.$cXXV.1. Coll. 1/ 138 (COLL PBG)$d00131321 959 $aBK 969 $aGIU 979 $aMARIA$b10$c20040429$lUSA01$h1121 979 $aRENATO$b90$c20050630$lUSA01$h1021 979 $aRENATO$b90$c20050630$lUSA01$h1022 979 $aCHIARA$b90$c20081014$lUSA01$h1308 979 $aRSIAV4$b90$c20100112$lUSA01$h1003 996 $aProcesso del lavoro$9734164 997 $aUNISA LEADER 00919nam a2200265 i 4500 001 991000496749707536 005 20020503182005.0 008 960429s1989 it ||| | ita 020 $a8813167296 035 $ab10086195-39ule_inst 035 $aLE02517124$9ExL 040 $aFac. Economia$bita 082 0 $a346.450434 100 1 $aFantacchiotti, Mario$0232001 245 13$aLa durata della locazione abitativa /$cMario Fantacchiotti 260 $aPadova :$bCEDAM,$c1989 300 $avi, 144 p. ;$c25 cm 490 0 $aLocazione degli immobili urbani ;$v3 650 4$aLocazione 907 $a.b10086195$b17-02-17$c27-06-02 912 $a991000496749707536 945 $aLE025 ECO 346 FAN01.01$g1$i2025000022591$lle025$o-$pE0.00$q-$rl$s- $t0$u0$v0$w0$x0$y.i10099475$z27-06-02 996 $aDurata della locazione abitativa$9196078 997 $aUNISALENTO 998 $ale025$b01-01-96$cm$da $e-$fita$git $h3$i1